000 00580nam a2200229Ia 4500
003 OSt
005 20220924152426.0
006 a|||||r|||| 00| 0
007 ta
008 220923b |||||||| |||| 00| 0 mar d
024 _a342506
037 _cTextual
040 _aARTS
_cARTS
_bmar
041 _2mar
_amar
082 _aV2:1.I5, 155J0
100 _aPatake Shridhar Shankar
_9226671
245 0 _aItihas darshan
260 _c1950
650 _aHISTORY
942 _hV2:1.I5, 155J0
_cTEXL
_2CC
999 _c469823
_d469823